Can firms grow without credit? : evidence from the euro area, 2005-2011 ; a quantile panel analysis
Saved in:
| Main Authors: | , , |
|---|---|
| Corporate Author: | |
| Format: | Book |
| Language: | English |
| Published: |
London :
Hellenic Observatory,
2015.
|
| Series: | GreeSE Paper ;
89. |
| Subjects: | |
| Tags: |
Add Tag
No Tags, Be the first to tag this record!
|
MARC
| LEADER | 00000cam a2200000 a 4500 | ||
|---|---|---|---|
| 001 | 1/110144 | ||
| 008 | 160302s2015####enk| ||| |||| ||eng|| | ||
| 040 | |a GR-MyUa |b gre |c GR-MyUa |e AACR2 | ||
| 041 | 0 | |a eng | |
| 082 | 7 | |a 332.7 |2 (23) | |
| 100 | 1 | |a Γιωτόπουλος, Ιωάννης. | |
| 245 | 1 | 0 | |a Can firms grow without credit? : |b evidence from the euro area, 2005-2011 ; a quantile panel analysis / |c Sophia Dimelis, Ioannis Giotopoulos, Helen Louri ; Hellenic Observatory European Institute ; The London School of Economics and Political Science. |
| 260 | |a London : |b Hellenic Observatory, |c 2015. | ||
| 300 | |a 38 σ. : |b πίν. ; |c 21 εκ. | ||
| 490 | 1 | |a (GreeSE Paper) ; |v 89. | |
| 504 | |a Βιβλιογραφία: σ. 34-38. | ||
| 650 | 0 | |a Credit. | |
| 650 | 0 | |a Credit |x Management. | |
| 650 | 0 | |a Banks and banking. | |
| 700 | 1 | |a Λουρή-Δενδρινού, Ελένη, |e aut | |
| 700 | 1 | |a Δημέλη, Σοφία Π. |e aut | |
| 710 | 2 | |a European Institute (London School of Economics and Political Science) |b Hellenic Observatory. | |
| 830 | 0 | |a GreeSE Paper ; |v 89. | |
| 852 | |a INST |b RHODES |e 20160302 |h 332.7 ΔΗΜ |p 005400038259 |q 005400038259 |t BK |y 0 | ||
| 970 | |z 02-03-2016 | ||